000
00267nam a22001097a 4500
008
150824b xxu||||| |||| 00| 0 eng d
020
_a
0801830737
082
_a
338.19 TIM
100
_a
TIMMER,C.P
245
_a
FOOD POLICY ANALYSIS
260
_a
LONDON
_b
THE WORLD BANK
_c
1983
999
_c
542
_d
542